00450nam a2200157Ia 4500008004100000020001400041082001600055100001900071245003000090250000700120260004500127300003000172500001900202600002100221650005000242240925s9999 xx 000 0 und d a139774068 a005.756 JAC aJackson, David 0aBusiness Object Companion aNA aNew Jersey:bPrintice- Hall Int.c,1998. axxxii,326p.bNAfOriginal aIncludes Index aComputer Science aComputer science, information & general works